000 01065nam0a22002771 4500
001 rc\138636
005 20030307112338.5
010 _a5-289-01876-X
_910000
021 _aRU
_bКН-П-19-094876
_9КН-П-19-6953
035 _a(NLR Aleph) 005410796
090 _a7371758
_c7371758
100 _a20030307d1996 u y0rusy50 ca
101 0 _arus
102 _aRU
105 _ay |||||||||
200 1 _aКардиологические термины
_dCardiological terms
_eАнгло-рус., рус-англ. слов.
_f[Сост. Б.Б. Бондаренко (Россия), Дж.А. Рейсс (США)]
210 _aСПб.
_cЛениздат
_d1996
215 _a457, [1] с.
_d17
300 _aИзд. также под загл.: Англо-русский словарь кардиологических терминов
510 0 _aCardiological terms
702 1 _aБонадренко
_bБ.Б.
_gБорис Борисович
_4220
801 0 _aRU
_bNLR
_gpsbo
801 1 _aRU
_bELAR
_2rusmarc
852 _aNLR
_bС
_jК-1/7275
942 _cBOOK
980 _aNB